000 00466cam a2200193 4500
001 D6456
008 090401t1985 xxu||||| |||| 00| 0 eng d
035 _a(Sirsi) u964
041 _aeng
050 _a333.1
100 _aBarrett, Susan (ed)
245 _aLand policy: problems and alternatives
260 _aAldershot, Hants
_bGower
_c1985
300 _axi. 392p. 22cm
350 _a19.5
700 _aHealey, Patsy (ed)
942 _n0
948 _c04/03/1997
999 _c85605
_d85605